| 000 | 00684nam a22002057a 4500 | ||
|---|---|---|---|
| 003 | 0 | ||
| 005 | 20240725142522.0 | ||
| 008 | 240725b xxu||||| |||| 00| 0 eng d | ||
| 020 | _a9781032493114 | ||
| 050 |
_aQA 76.76 _b.M33 2024 |
||
| 245 | _aMachine learning with oneAPI | ||
| 260 |
_aOxon _bCRC Press _c2024 |
||
| 300 |
_axiii, 195 pages : _bblack and white illustrations ; _c24cm. |
||
| 504 | _aIncludes index. | ||
| 650 | _aApplication program interfaces (computer software)--development. | ||
| 650 | _aMachine learning--computer programs. | ||
| 650 | _aCross--platform software development. | ||
| 700 | _aVasudevan, Shriram K. [and three others] | ||
| 942 |
_2lcc _cBK |
||
| 999 |
_c366027 _d366027 |
||